| 000 | 00378nam a2200145Ia 4500 | ||
|---|---|---|---|
| 008 | 230917s9999||||xx |||||||||||||| ||und|| | ||
| 040 |
_e148614 _aMAIN |
||
| 041 | _aEnglish | ||
| 082 | _a181.4 T188P | ||
| 100 | _aTatacharya, N S Ramanuja | ||
| 245 | 0 | _aPancalaksani and simhavyaghgalakane | |
| 260 |
_aTirupati _bKendriya Sanskrit _c1979 |
||
| 300 | _a236p. p. | ||
| 942 | _cBK | ||
| 999 |
_c217804 _d217804 |
||